NBA MVP From 1980-2023 - Statistics

General Stats
  • This quiz has been taken 45 times
  • The average score is 42 of 44
Answer Stats
Hint Team Answer % Correct
1986 Celtics Larry Bird
100%
1985 Celtics Larry Bird
100%
1984 Celtics Larry Bird
100%
1990 Lakers Magic Johnson
100%
1989 Lakers Magic Johnson
100%
1987 Lakers Magic Johnson
100%
1998 Bulls Michael Jordan
100%
1996 Bulls Michael Jordan
100%
1992 Bulls Michael Jordan
100%
1991 Bulls Michael Jordan
100%
1988 Bulls Michael Jordan
100%
2016 Warriors Stephen Curry
100%
2015 Warriors Stephen Curry
100%
2007 Mavericks Dirk Nowitzki
98%
2020 Bucks Giannis Antetokounmpo
98%
2019 Bucks Giannis Antetokounmpo
98%
2018 Rockets James Harden
98%
2023 76ers Joel Embiid
98%
2014 Thunder Kevin Durant
98%
2008 Lakers Kobe Bryant
98%
2013 Heat LeBron James
98%
2012 Heat LeBron James
98%
2010 Cavaliers LeBron James
98%
2009 Cavaliers LeBron James
98%
2017 Thunder Russell Westbrook
98%
1994 Rockets Hakeem Olajuwon
95%
1980 Lakers Kareem Abdul-Jabbar
95%
2004 Timberwolves Kevin Garnett
95%
2022 Nuggets Nikola Jokic
95%
2021 Nuggets Nikola Jokic
95%
2000 Lakers Shaquille O'Neal
95%
2001 76ers Allen Iverson
93%
2011 Bulls Derrick Rose
93%
1999 Jazz Karl Malone
93%
1997 Jazz Karl Malone
93%
1983 76ers Moses Malone
93%
1982 Rockets Moses Malone
93%
2006 Suns Steve Nash
93%
2005 Suns Steve Nash
93%
2003 Spurs Tim Duncan
93%
2002 Spurs Tim Duncan
93%
1993 Suns Charles Barkley
90%
1995 Spurs David Robinson
90%
1981 76ers Julius Erving
88%
No matching quizzes found
Score Distribution
Percent of People with Each Score
Percentile by Number Answered
Your Score History
You have not taken this quiz